| 000 | 00986nac a22002411u 4500 | ||
|---|---|---|---|
| 010 | _a 93025590 | ||
| 020 | _a0070110212 | ||
| 082 | 0 | 0 |
_a660.212 _bC549 |
| 090 |
_c4485 _d4485 |
||
| 100 | _a20080729 | ||
| 245 | 0 | 0 |
_aHandbook of chemical engineering calculations / _cNicholas P. Chopey, editor. |
| 250 | _a2nd ed. | ||
| 260 |
_aNew York : _bMcGraw-Hill,1994 _cc1994. |
||
| 300 |
_a1 v. (various pagings) : _bill. ; _c25 cm. |
||
| 500 | _aIncludes index. | ||
| 650 | 0 |
_aChemical engineering _xMathematics. |
|
| 700 | 1 | _aChopey, Nicholas P. | |
| 740 | 0 | _aChemical engineering calculations. | |
| 856 | 4 | 1 |
_3Table of contents only _uhttp://www.loc.gov/catdir/toc/mh022/93025590.html |
| 856 | 4 | 1 |
_3Contributor biographical information _uhttp://www.loc.gov/catdir/enhancements/fy0602/93025590-b.html |
| 942 |
_cBB _k660.212C549 |
||
| 999 |
_c4485 _d4485 |
||